[Event "Rilton Cup 26th"]
[Site "Stockholm"]
[Date "1996.12.??"]
[Round "5"]
[White "Hjartarson, Johann"]
[Black "Agrest, Evgenij"]
[Result "0-1"]
[WhiteElo "2565"]
[BlackElo "2475"]
[Annotator "Engqvist"]
[PlyCount "80"]
[EventDate "1996.12.??"]
[EventType "swiss"]
[EventRounds "9"]
[EventCountry "SWE"]
[SourceTitle "CBM 057"]
[Source "ChessBase"]
[SourceDate "1997.04.01"]
[SourceVersion "1"]
[SourceVersionDate "1997.04.01"]
[SourceQuality "1"]

1. e4 {Hjartarson} c5 2. Nf3 e6 3. d4 cxd4 4. Nxd4 a6 5. Bd3 Bc5 6. Nb3 Be7 7.
Nc3 d6 8. O-O Nf6 9. f4 Qc7 10. Qf3 Nbd7 11. g4 (11. Kh1 {Hjartarson Roth,
P-Chernin,A/Vienna Bawag 1996/CBM 54}) 11... h6 12. h4 g6 13. g5 hxg5 14. hxg5
Nh5 15. Be3 b6 (15... b5 {Hjartarson} 16. a4 b4 17. Ne2 Bb7 18. Rad1 $13) 16.
e5 Bb7 17. exd6 Bxf3 (17... Bxd6 $2 {Hjartarson} 18. Be4 Bxe4 19. Nxe4 $16) 18.
dxc7 Bb7 19. Be4 (19. Bd4 {Hjartarson} Rh7 20. Be4 Bxe4 21. Nxe4 Rc8 $11) 19...
Bxe4 20. Nxe4 Rc8 21. Rad1 Rxc7 22. Rf2 Rc4 23. Nd6+ Bxd6 24. Rxd6 Re4 25. Rd3
e5 (25... f6 {Hjartarson} 26. Nd2 Ra4 27. gxf6 (27. a3 fxg5 28. fxg5 Rg4+ 29.
Rg2 $11) 27... Nhxf6 $11) 26. Rfd2 O-O (26... Rxe3 {Hjartarson} 27. Rxe3 Nxf4
28. Rc3 $16) 27. Bf2 Nb8 28. Rd8 (28. fxe5 {Hjartarson} Rxe5 29. Bxb6 Rxg5+ 30.
Kf2 $14) 28... exf4 (28... Nc6 $5 {Hjartarson} 29. Rxf8+ Kxf8 30. Rd6 Nb4 (
30... Nd4 31. Nxd4 exd4 32. Bxd4 $16) 31. Rxb6 Nxc2 32. fxe5 $14) 29. Bxb6 Nc6
30. Rxf8+ Kxf8 31. Nc5 Re1+ 32. Kf2 Ra1 33. Nd7+ (33. a3 $16 {Hjartarson})
33... Kg8 (33... Ke8 {Hjartarson} 34. Nf6+ Nxf6 35. gxf6 Rc1 36. c3 $16) 34.
Rd6 Ne7 35. Bd8 (35. Bd4 $1 {Hjartarson} Nf5 36. Nf6+ Kf8 (36... Nxf6 37. Rd8+
Kh7 38. Bxf6 Ng7 39. Rf8 $18) 37. Rd8+ Ke7 38. Re8+ Kd6 39. Be5+ Kc6 40. Rc8+
Kb7 41. Rc7+ Ka8 42. Nd7 $18) 35... Nf5 36. Rxa6 Nhg3 {A fascinating position!
Both White and Black plays for mate!} 37. Bb6 $2 {White wants to control the
e3-square.} (37. Ra3 $1 Nh4 $1 (37... Rf1+ 38. Kg2 Ne3+ 39. Rxe3 fxe3 40. Kxg3
e2 41. Ba5 e1=Q+ 42. Bxe1 Rxe1 43. c4 $18) 38. Rxg3 fxg3+ 39. Kxg3 Nf5+ 40. Kf4
Rxa2) (37. Ra8 $4 Rf1+ 38. Kg2 Ne3+ 39. Kh3 Rh1#) (37. Kg2 $4 Ne3+ 38. Kf3 Rf1#
) (37. Nf6+ {Hjartarson} Kg7 (37... Kf8 $2 38. Bb6 Nh4 39. Ra8+ Ke7 40. Nd5+
$18) 38. Ra3 $8 (38. Nd5 $2 Rf1+ 39. Kg2 f3+ 40. Kh3 Rh1+ 41. Kg4 f2 $19) 38...
Nh4 39. Rxg3 fxg3+ 40. Kxg3 Nf5+ $11) 37... Nh4 {Matingthreat!} 38. Ra8+ Kg7
39. Bd4+ f6 40. gxf6+ $2 $138 (40. Bxf6+ Kf7 41. Rf8+ Ke6 42. Nc5+ Kf5 (42...
Kd6 43. Rd8+ (43. Nb7+ Kc6 44. Na5+ Kd7 45. Rf7+ $11) 43... Kc7 44. Ne6+) (
42... Kd5 43. Rd8+ (43. c4+ Kd6 (43... Kc6 44. Rc8+ Kb6 45. Bd8+ Ka7 46. Rc7+
Ka8 47. Rc8+ Ka7 $11) (43... Kxc5 $2 44. b4+ $18) 44. Rd8+ Kc6 45. Rc8+ Kb6 (
45... Kd6 $10) 46. Bd8+ (46. Rb8+ $2 Ka7 47. Rb7+ Ka8 $19) 46... Ka7 47. Rc7+
Kb8 $10 (47... Ka8 $10)) 43... Kc6 (43... Kxc5 44. b4+) (43... Kc4 44. b3+) 44.
Rc8+ Kb6 (44... Kb5 45. c4+) 45. Bd8+ Ka7 (45... Kb5 $2 46. c4+ Kxc4 (46... Kb4
47. Nd3+ $18) 47. Nb3+ $18) 46. Rc7+ Kb8 (46... Ka8 47. Rc8+ Ka7 48. Rc7+ $10)
(46... Kb6 $2 47. Nd7+ Ka6 48. Nb8+ Kb5 (48... Kb6 49. Rh7+ $18) 49. c4+ Ka4
50. b3+ Ka3 51. Ra7+ Kb4 52. Be7+ Kc3 53. Bf6+ $18) 47. Nd7+ Ka8 48. Nb6+ Kb8
49. Nd7+ $10) 43. Bc3+ Kg4 44. Be1 {-+ Agrest} (44. Be1 {Hjartarson} Nf3 45.
Nd3 Nh1+ 46. Ke2 Nxe1 47. Nxe1 Ng3+ 48. Kf2 Ne4+ $11)) 40... Kh7 {White cannot
avoid the mate...} 0-1

[Event "NED-ch51"]
[Site "Amsterdam"]
[Date "1996.06.16"]
[Round "9"]
[White "Van der Wiel, John"]
[Black "Nijboer, Friso"]
[Result "1-0"]
[WhiteElo "2535"]
[BlackElo "2475"]
[Annotator "Ernst,T"]
[PlyCount "75"]
[EventDate "1996.06.07"]
[EventType "tourn"]
[EventRounds "11"]
[EventCountry "NED"]
[EventCategory "11"]
[SourceTitle "CBM 054"]
[Source "ChessBase"]
[SourceDate "1996.10.01"]
[SourceVersion "1"]
[SourceVersionDate "1996.10.01"]
[SourceQuality "1"]

1. e4 c5 2. Nf3 e6 3. d4 cxd4 4. Nxd4 a6 5. Nc3 Qc7 6. Bd3 Bc5 7. Nb3 (7. Be3
Nf6 8. O-O d6 9. Qf3 Nc6 10. Nce2 O-O 11. Qg3 Nxd4 12. Bxd4 Bxd4 13. Nxd4 Qb6
14. Nb3 e5 15. Rfe1 Be6 16. Rad1 Rac8 17. Qe3 Qc7 18. c3 b5 19. Nc1 Rcd8 20. a3
Nd7 21. Ne2 Nb6 22. Ng3 Nc4 23. Qc1 Qc5 24. h3 a5 {1/2-1/2 Sanguineti,
Ra-Rossetto,H/Mar del Plata ;MCL 08 1959}) 7... Be7 8. Qg4 (8. O-O d6 9. Be3
Nf6 10. f4 Nbd7 11. Qf3 b6 12. Rae1 Bb7 13. Bd4 O-O-O 14. Qe2 e5 15. Bf2 Nb8
16. Na4 Nfd7 17. Qg4 {1-0 Saltaev,M-Schiffer,KU/Groningen op (07) ;EXT 92op
1992}) (8. Qe2 b5 9. Bd2 d6 10. O-O Nf6 11. a4 b4 12. Na2 a5 13. c3 bxc3 14.
Nxc3 Nc6 15. Nb5 Qb6 16. Rfc1 Bd7 17. Be3 Qb7 18. e5 dxe5 19. Nc5 Qb8 20. Nxd7
Kxd7 21. Rxc6 Kxc6 22. Rc1+ Kd7 23. Nc7 Bd6 24. Bb5+ Ke7 25. Nxa8 Qxa8 26. Bc5
Qd5 27. Bxd6+ Qxd6 28. Rc6 Qb8 29. Qc4 Nd5 30. Qc5+ Kf6 31. Qxd5 {1-0 Dobos,
J-Erdelyi,T/HUN-chT 9091 ;TD 91\05 1991}) 8... g6 9. Bg5 $5 $146 h5 10. Qh4 d6
11. O-O-O Nc6 (11... f6 12. Bd2 g5 13. Qg3 h4 14. Qe3 $36) 12. Bxe7 Qxe7 13.
Qg3 h4 14. Qe3 g5 15. Be2 Bd7 16. Qb6 $1 Nf6 $2 (16... Qd8 17. Qxd8+ (17. Na4
$5) (17. Qxb7 $4 Ra7) 17... Rxd8 18. Rxd6 $16) 17. Qxb7 Qd8 18. Nd4 Na5 19. Qb4
Qc7 20. Nb3 Nb7 21. Nd2 $1 Rb8 22. Nc4 h3 23. g3 Bc6 24. Nxd6+ Nxd6 25. Qxd6
Qxd6 26. Rxd6 Bxe4 27. Nxe4 Nxe4 28. Rd4 f5 29. f3 Nc5 30. Rc4 Nd7 31. Rd1 Nf6
32. Rc6 Kf7 33. Rdd6 Rbe8 34. Bc4 f4 35. gxf4 g4 36. fxg4 Nxg4 37. Rxe6 Nxh2
38. Rxe8+ 1-0

[Event "Plovdiv Tringov Memorial 35th"]
[Site "Plovdiv"]
[Date "2013.02.08"]
[Round "7"]
[White "Fier, Alexandr"]
[Black "Jianu, Vlad Cristian"]
[Result "1-0"]
[WhiteElo "2577"]
[BlackElo "2500"]
[Annotator "Fier,A"]
[PlyCount "73"]
[EventDate "2013.02.03"]
[EventType "swiss"]
[EventRounds "9"]
[EventCountry "BUL"]
[SourceTitle "EXT 2014"]
[Source "ChessBase"]
[SourceDate "2013.11.20"]
[SourceVersion "1"]
[SourceVersionDate "2013.11.20"]
[SourceQuality "1"]

{This was one of the best performances of my career so far, making my first
2800+ performance with 8.5 of 9! During the tournament I was able to play some
interesting games in my style, with some chaos and attack. This one was one of
the decisive games, since Jianu was doing quite well too and winning this game
was an important step to the title, which even with 8.5 wasn't easy because
Heberla had 7 points before the last round and got some good chances with
black against Cheparinov} 1. e4 c5 2. Nf3 e6 {a big surprise, since Jianu
plays a lot of Dragons and has some interesting ideas in the variation} 3. d4
cxd4 4. Nxd4 a6 5. Nc3 Qc7 6. g3 {my turn to surprise, since I usually play
with Be2 or Bd3 these kind of positions. Since nobody ever played this
position I think both players were more or less using brains from here} b5 (
6... Nc6 {transposing to a Taimanov could be an option}) (6... Bb4 {is also
possible}) 7. Bg2 Bb7 8. O-O d6 9. Re1 Nd7 10. a4 (10. Nd5 {was already in my
mind, but I wasn't sure about the result after exd5 and I thought I could
force b4 first and then to sacrifice the piece} exd5 11. exd5+ Be7 12. Nf5 g6
13. Nxe7 Nxe7 14. Qe2 Ne5 15. f4 f6 16. fxe5 fxe5) 10... bxa4 (10... b4 11. Nd5
{now it's unresistable!} exd5 12. exd5+ Be7 13. Nf5 g6) 11. Rxa4 Ngf6 {I think
if black is able to play Be7 and 0-0 without problems, white has almost no
advantage... Something quick is necessary and to do it white has two main
ideas: Nd5 and Nf5} 12. Qe2 (12. Nd5 $1 {was even stronger here but I wans't
able to evaluate the position correctly...} exd5 13. exd5+ Kd8 (13... Be7 14.
Nf5 Ne5 15. Rxe5 dxe5 16. d6 O-O-O (16... Rd8 17. Nxg7+ Kf8 18. Bh6 (18. dxe7+
Qxe7))) 14. Nc6+ Bxc6 15. dxc6 Nc5 {here I thought black was ok, but looks
like white has a really strong iniciative} 16. Ra3 Ne6 17. Bd2 $1 a5 18. Rb3 $1
d5 19. Bxd5 Nxd5 20. Bg5+ Nxg5 21. Qxd5+ Bd6 22. Qxg5+ f6 23. Qd5 Ra6 24. Rb7
Qxc6 25. Rb8+ Kc7 26. Qxc6+ Rxc6 27. Rxh8 $18 {could be a possible end}) 12...
Nb6 13. Rb4 {with Nf5 idea already prepared} Be7 14. Be3 Nfd7 15. Nf5 $5 {
this was the position I was thinking when I played 13.Rb4 and looks like quite
interesting... A real piece sacrifice basically. The idea is clear, but the
main problem is the order of all the moves and exchanges} exf5 16. exf5 (16.
Bxb6 Nxb6 {was probably the same, but I wanted to keep the option of using the
bishop and leaving the black's knight on d7 when the queen does not defend the
e7 bishop}) 16... Bxg2 17. Bxb6 (17. Kxg2 Qc6+ 18. Kh3 Nd5 19. Bh6 {was one
possibility of using the bishop, but after} O-O 20. Nxd5 Qxd5 21. Bxg7 Qxf5+
22. g4 Qg6 23. Bxf8 Bxf8 {black shoudn't be worse}) (17. f6 {was another idea,
and quite tempting when I saw black 0-0 plans... The goal is that if white
keep black's king on the center the attack can be really powerful.} Nd5 $1 {
leaving attacked pieces everywhere, but unfortunatelly white can only take one
piece per move...} (17... gxf6 18. Bxb6 Nxb6 19. Kxg2 O-O 20. Qxe7 Qc6+ 21. Kg1
Rae8 22. Rg4+ {is the main difference and it was my first analyze of the
position. After a second look I found black's resource 17...Nd5!}) 18. Rc4 Nxc3
19. Rxc3 Qb7 {is sufficient for black}) 17... Nxb6 18. Kxg2 (18. f6 {here has
the same problem} Nd5 19. Nxd5 Bxd5 20. Qh5 $5 gxf6 21. Qxd5 Ra7 {and here I
can keep black's king on the center, but in other hand I exchanged my knight
which was the main attacking piece. I think here the chances are about equal,
but with a full piece down, it's not an easy decision to make}) 18... Qc6+ (
18... Ra7 19. f6 $1 {finally it works!} gxf6 20. Qf3 {gives my ideal position
with the king on the center and the knight on the board. Here I think white
has really good chances} O-O (20... Kd8 21. Rxe7 Kxe7 22. Rxb6 $18) 21. Rxe7
Qxe7 22. Rxb6 {with full compensation}) 19. f3 (19. Kh3 {was my first idea, to
keep the king safer. The main problem is that h3 is an unfortunate square for
it} O-O 20. Qxe7 Rfe8 21. Qg5 Rxe1 22. f6 (22. Rxb6 {distracting the queen}
Qxb6 23. f6 Kf8 24. fxg7+ Kg8 25. Nd5 $1 Qxb2 {and after the queen sacrifice
on f6 black is not in danger at all}) 22... g6 23. Qh6 Qc8+ {and now I wanted
to have the king anywhere else...} 24. Kg2 Qf8 25. Qd2 Re6 26. Rxb6 {and white
has compensation, but nothing so clear}) 19... O-O 20. Qxe7 Rae8 (20... Rfe8 $5
{this was the move I was expecting during the game and the consequences of
this move were unclear to me} 21. Qg5 Rxe1 22. f6 Kf8 {that is the difference,
with the rook on f8 runaway is not a possibility} 23. Qxg7+ (23. Rxb6 Qxb6 24.
Qxg7+ Ke8 25. Qg8+ Kd7 26. Qxa8 Qxb2 {looks enough for a draw only}) 23... Ke8
24. Qg8+ Kd7 25. Qxf7+ Kc8 (25... Kd8 $143 26. Rxb6 Qxb6 27. Qg8+ Re8 28. f7 $1
$16) 26. Qxh7 {and with the a8 rook without playing and the strong pawn on f6
I think white is better, but no way to be sure during the game} (26. Rg4 Re8)
26... Re5 27. Rxb6 Qxb6 28. f7 Qd8 29. Qg7 Rf5 30. g4 $18) 21. Qg5 {only way
to keep playing for advantage} (21. Qxe8 Rxe8 22. Rxb6 Qc8 23. Rxe8+ Qxe8 24.
Rxa6 $11) (21. Rxb6 Rxe7 22. Rxc6 Rxe1 23. Rxd6 Rc1 24. Rd2 $15) 21... f6 22.
Qc1 Nc4 {after all the complications the picture changed: now white has
material advantage and black has some iniciative!} 23. Re4 $6 {trying to close
the open file and exchange some pieces} (23. b3 {was my other idea} Rxe1 24.
Qxe1 Ne5 25. Re4 Rc8 26. Re3 Ng4 27. Re2 Ne5 28. Ne4 $14 {and possibly better
than the one I chose}) 23... Rxe4 24. fxe4 Re8 (24... Qc5 {after the game we
thought this was better, but white can keep the advantage with some precise
moves} 25. Nd5 Re8 26. b3 (26. Qf4 {was interesting} Qd4 27. Kh3 Rxe4 28. Rb8+
Kf7 29. Qf3 $1 {[%cal Gf3h5]} g6 {now that f6 pawn is not defended anymore
white can take the rook} 30. Rb7+ Kf8 (30... Ke8 31. Qxe4+ Qxe4 32. Nxf6+) 31.
fxg6 hxg6 32. Nxf6 $18) 26... Ne3+ 27. Qxe3 Qxd5 28. exd5 Rxe3 29. Kf2 Re5 30.
c4 $18 {white pawns are stronger than black ones}) 25. b3 {setting a small trap
} (25. Kh3 Qc5 26. Nd5 Ne5 {is unclear}) 25... Rxe4 $2 (25... Ne5 $1 26. Qd2 (
26. Nd5 $2 Nd3 $1 {that is what we both overlooked during the game!}) 26... Rc8
27. Nd5 Qxc2 28. Qxc2 Rxc2+ 29. Kf1 Rxh2 30. Rb8+ Kf7 31. Rb7+ $11) 26. Kh3 $1
{suddenly black pieces are not able to defend themselves} (26. Nxe4 Qxe4+ 27.
Kf2 Qxf5+ 28. Ke2 Qe4+ 29. Kf2 Qd4+ $11) 26... Re3 27. Rxc4 Qf3 28. Qd2 Qxf5+ (
28... Qf1+ 29. Kh4 Re5 {was the best practical chance, setting a nice trick}
30. Rc8+ $1 {is the most precise, since now g5 is met by fxg6+} (30. Rf4 $2 g5+
31. fxg6 Rh5+ $1 32. Kxh5 (32. Kg4 Rg5+ 33. Kh4 Rh5+) 32... Qh3+ {and suddenly
white is not able to even draw anymore!} 33. Rh4 Qf5+ 34. Kh6 Qxg6#) (30. Qf4
$2 {doesn't help either, the now is close to the king but there is no
difference} g5+ 31. fxg6 Rh5+ 32. Kxh5 Qh3+ 33. Qh4 Qf5+) 30... Kf7 31. Qf4 {
and Qc4 wins}) 29. Kg2 {and it's over} Qf3+ 30. Kg1 Re5 31. Rf4 Qc6 32. Rd4 h5
33. Rxd6 Qc5+ 34. Qd4 Qa3 35. Rd8+ Kh7 36. Qd3+ g6 37. Rd7+ 1-0

[Event "Interpolis-02"]
[Site "Tilburg"]
[Date "1978.09.07"]
[Round "6"]
[White "Spassky, Boris Vasilievich"]
[Black "Ribli, Zoltan"]
[Result "1/2-1/2"]
[WhiteElo "2630"]
[BlackElo "2585"]
[Annotator "Ftacnik,L"]
[PlyCount "37"]
[EventDate "1978.09.01"]
[EventType "tourn"]
[EventRounds "11"]
[EventCountry "NED"]
[EventCategory "14"]
[SourceTitle "MCL"]
[Source "ChessBase"]
[SourceDate "1999.07.01"]
[SourceVersion "1"]
[SourceVersionDate "1999.07.01"]
[SourceQuality "1"]

1. e4 c5 2. Nc3 Nc6 3. Nf3 e6 4. d4 cxd4 5. Nxd4 Qc7 6. g3 a6 7. Bg2 Nf6 8. O-O
Be7 9. Nde2 (9. Re1 O-O (9... Nxd4 $5 10. Qxd4 Bc5 $13) 10. Nxc6 $14) 9... O-O
10. a3 (10. h3 Rd8 (10... b5 $2 11. a4 b4 12. Nd5 $1 $14 {Unzicker-Kuijpers,
Tel Aviv (ol) 1964}) 11. g4 d5 12. exd5 Nb4 13. Bf4 Bd6 14. Bg5 Be7 $10 {
Foguelman-Lengyel, Amsterdam 1964}) 10... d6 (10... b5 11. Nd5 $14) (10... Rd8
$10) (10... Rb8 $5 {/\b5}) 11. h3 b5 12. g4 Re8 (12... Rb8 $5 {/\a5,b4}) 13. g5
Nd7 14. f4 a5 15. f5 Ba6 (15... Qb6+ $5 {/\Ba6,b4=/+}) 16. Be3 Bf8 (16... b4
$15) 17. Nf4 Nde5 (17... Nce5) 18. Rf2 Nc4 19. Bc1 $15 1/2-1/2

[Event "Pamplona"]
[Site "Pamplona"]
[Date "2003.12.28"]
[Round "7"]
[White "Nakamura, Hikaru"]
[Black "Pelletier, Yannick"]
[Result "1-0"]
[WhiteElo "2565"]
[BlackElo "2604"]
[Annotator "Ftacnik,L"]
[PlyCount "89"]
[EventDate "2003.12.20"]
[EventType "tourn"]
[EventRounds "7"]
[EventCountry "ESP"]
[EventCategory "15"]
[SourceTitle "CBM 099"]
[Source "ChessBase"]
[SourceDate "2004.03.30"]
[SourceVersion "1"]
[SourceVersionDate "2004.03.30"]
[SourceQuality "1"]

1. e4 c5 2. Nf3 e6 3. d4 cxd4 4. Nxd4 Nc6 5. Nc3 Qc7 6. Nb3 Nf6 7. Bd3 a6 8.
O-O d6 9. f4 b5 10. Qf3 Bb7 11. Bd2 Be7 12. Rae1 b4 13. Na4 (13. Ne2 Rd8 (13...
O-O 14. Kh1 Rfe8 15. Qh3 e5 16. Ng3 Bc8 17. Nf5 Bf8 18. fxe5 Rxe5 19. Bg5 Bxf5
20. exf5 Nd7 21. Rd1 a5 22. Bf4 Ree8 23. Bc4 Nce5 24. Bd5 {1-0 Schmaltz,
R-Stein,A/New York 2002/ (73)}) 14. c3 d5 15. e5 Ne4 16. Bc1 O-O 17. Ng3 bxc3
18. bxc3 Na5 19. Nd4 Qxc3 20. Nxe6 fxe6 21. Bxe4 Qc5+ 22. Be3 dxe4 23. Qg4 Qc6
{0-1 McKay,R-Hernandez,R/Siegen 1970/ (37)}) 13... O-O 14. Be3 Rae8 15. Qh3 (
15. c3 bxc3 16. Nxc3 Nb4 17. Bb1 d5 18. e5 d4 $11) 15... e5 (15... Qb8 16. g4
$40) 16. Nb6 Nb8 17. Nd2 $5 {Nakamura doesn't stand a great chance to build up
a kingside attack, so he concentrates on the improving his pieces on the
queenside.} Bd8 18. Nbc4 Nbd7 19. b3 Nc5 (19... exf4 $5 20. Bxf4 Ne5 21. a3 (
21. Nxe5 dxe5 22. Be3 Bc8 23. Qg3 Ng4 24. Nc4 Nxe3 25. Nxe3 Qb6 $13) 21... bxa3
22. Ra1 Bc8 23. Qe3 Nxc4 24. Nxc4 Nd5 25. Qd4 Nxf4 26. Rxf4 Be7 $15) 20. fxe5
dxe5 21. Bf2 Bc8 22. Qf3 Be7 (22... Ng4 23. Bg3 Nxd3 24. cxd3 Be7 25. h3 $11)
23. h3 Ne6 24. Bg3 Bc5+ (24... Nd4 25. Qd1 Bc5 26. Kh2 Nb5 27. Nf3 $15) 25. Kh1
Nd7 26. Ne3 Bxe3 $2 {[%mdl 16384] In the positional sense this is nearly
criminal move. Pelletier has decided to give up the valuable dark squared
bishop without the slightest necessity. As a reward his position becomes
slightly endangered.} (26... Nd4 27. Qd1 Nb6 $15) 27. Qxe3 Ndc5 28. Bc4 f6 29.
Bd5 Kh8 30. Nc4 Rd8 31. a3 $1 bxa3 (31... a5 32. axb4 axb4 33. Ra1 $14) 32. b4
Na4 33. Qxa3 Nb6 (33... Bd7 34. Nxe5 $1 fxe5 35. Bxe6 Bxe6 36. Qxa4 Rxf1+ 37.
Rxf1 Qc4 38. Qa1 Qxb4 39. Bxe5 $16) 34. Ne3 (34. Nxb6 Qxb6 35. Bf2 Qc7 36. c4
$16) 34... Nf4 (34... Nxd5 35. exd5 Ng5 36. c4 Ne4 37. Bh2 Nd2 38. Rf2 Nxc4
$140 39. Qc1 $16) 35. c4 {Nakamura has achieved enormous success in the center,
white is clearly better.} Nfxd5 36. exd5 f5 (36... Nxc4 37. Qc3 $16) (36... Bb7
37. Qa2 f5 38. Bh4 $16) 37. Bh4 Rde8 (37... f4 38. Bxd8 Rxd8 39. c5 fxe3 (39...
Nxd5 40. Nxd5 Rxd5 41. Rxf4 $18) 40. cxb6 Qxb6 41. Qxe3 Qxb4 42. Qxe5 $18) 38.
c5 Nd7 39. Nxf5 Nxc5 (39... Rxf5 40. Rxf5 Nxc5 41. Rexe5 $1 $18) 40. Nxg7 $1 {
A witty tactical solution is breaking up the defensive set up of the black
king. White will still be left with two connected passed pawns.} (40. d6 Qc6
41. Ne7 Rxf1+ 42. Rxf1 Qe4 43. bxc5 Qxh4 44. c6 $18) 40... Qxg7 41. bxc5 e4 (
41... Rxf1+ 42. Rxf1 Rf8 43. Rxf8+ Qxf8 44. Bg3 Qf1+ 45. Kh2 e4 46. Be5+ Kg8
47. Qg3+ $18) 42. Rxf8+ Qxf8 43. d6 Qh6 44. Qc3+ Kg8 45. Qg3+ 1-0